Hvězdy nad Bromem

Korporativní autor: Orchestr Gustava Broma
Další autoři: Brom, Gustav, 1921-1995, Veselá, Jarmila, 1933-2017, Cortés, Rudolf, 1921-1986
Jazyk: Čeština
Vydáno: Praha : Levné knihy KMa :František Rychtařík, p2002
Edice: Muzeum populární hudby
Témata:
Fyzický popis: 1 zvuková deska (75:39) : digital ; 12 cm
Zvukové nahrávky
Uloženo v:
LEADER 02344njm a2200469 a 4500
001 cpz20061696512
003 CZ PrNK
005 20180709184108.0
007 sd fsngnnmmned
008 061107p20021957xr ppnng n cze
015 |a cnb001696512 
028 0 1 |a LK 0529-2  |b Levné knihy KMa 
040 |a ABA001  |b cze 
041 0 |d cze  |d slo  |d eng 
045 |a x5x8 
072 7 |a 78.011.26  |x Populární hudba. Populární písně. Populární taneční hudba  |2 Konspekt  |9 9 
080 |a 78.03.011.26  |2 MRF 
080 |a (086.76)  |2 MRF 
110 2 |a Orchestr Gustava Broma  |7 kn20010710268  |4 itr 
245 1 0 |a Hvězdy nad Bromem  |h [zvukový záznam] 
260 |a Praha :  |b Levné knihy KMa :  |b František Rychtařík,  |c p2002 
300 |a 1 zvuková deska (75:39) :  |b digital ;  |c 12 cm 
306 |a 011539 
490 1 |a Muzeum populární hudby 
500 |a Fonogram p2002 František Rychtařík, původní fonogramy p1958-p1984 Supraphon, Opus, Panton, Čs. rozhlas Brno 
500 |a "FR 0046-2"--Disk 
500 |a Kompaktní deska 
505 0 0 |t Pozdrav astronautovi (Dobrý den, majore Gagarine) --  |t Kdo to ví, kdo ví --  |t Mr. Blue --  |t Bella Maria --  |t Mráz na rtech --  |t Vitamínový charleston --  |t Bázlivá --  |t San Francisco --  |t Černá kára --  |t Tiger rag --  |t Blues železičního mostu --  |t Mrtvý vrabec --  |t I've been waiting --  |t Rozprávaj mi blues --  |t Neplač, nevěsto --  |t Hrám --  |t Dívka mých snů --  |t Dej svý děti spát --  |t Jak motýl křídla mám --  |t Holčičí svět --  |t Monsier Dupont --  |t Jitrocel --  |t Neklidné srdce --  |t Oči ti vysuším bajkou --  |t Pod plášťom hviezd 
511 1 |a Orchestr Gustava Broma ; zpívá Gustav Brom, Jarmila Veselá, Rudolf Cortés a další 
518 |a Nahráno v letech 1957-1984 
648 4 |a 1951-1990 
650 0 7 |a populární hudba  |7 ph124352  |y 1951-1990  |2 czenas 
655 7 |a populární hudba  |7 fd992599  |2 czenas 
655 7 |a kompaktní disky  |7 fd201991  |2 czenas 
700 1 |a Brom, Gustav,  |d 1921-1995  |7 jk01013160  |4 sng  |4 cnd 
700 1 |a Veselá, Jarmila,  |d 1933-2017  |7 mzk2002163925  |4 sng 
700 1 |a Cortés, Rudolf,  |d 1921-1986  |7 jn20000400423  |4 sng 
740 0 2 |a Dobrý den, majore Gagarine 
830 0 |a Muzeum populární hudby 
990 |a AM 
995 |a 01 
996 6 |b 261H017266  |c CD-0015.579  |l MZK  |r Sklad / do 24 hodin  |n 0  |w 000960671  |u 000010  |a 1  |e BOA001  |j MZK50  |s P